<?xml version="1.0" encoding="UTF-8"?>
<record
    xmlns:xsi="http://www.w3.org/2001/XMLSchema-instance"
    xsi:schemaLocation="http://www.loc.gov/MARC21/slim http://www.loc.gov/standards/marcxml/schema/MARC21slim.xsd"
    xmlns="http://www.loc.gov/MARC21/slim">

  <leader>02544nam a2200445 a 4500</leader>
  <controlfield tag="001">Z_5323</controlfield>
  <controlfield tag="003">CHAP</controlfield>
  <controlfield tag="005">20250619142737.0</controlfield>
  <controlfield tag="007">ta</controlfield>
  <controlfield tag="008">220113t20052008mx a   frf    001 0 s   d</controlfield>
  <datafield tag="010" ind1=" " ind2=" ">
    <subfield code="a">168389</subfield>
  </datafield>
  <datafield tag="020" ind1=" " ind2=" ">
    <subfield code="a">968-24-1310-9</subfield>
  </datafield>
  <datafield tag="020" ind1=" " ind2=" ">
    <subfield code="a">978-968-24-1310-0</subfield>
    <subfield code="q">reimpresi&#xF3;n 2008</subfield>
  </datafield>
  <datafield tag="040" ind1=" " ind2=" ">
    <subfield code="a">Z</subfield>
    <subfield code="c">CHAP</subfield>
    <subfield code="e">rda</subfield>
  </datafield>
  <datafield tag="041" ind1="0" ind2=" ">
    <subfield code="b">Espa&#xF1;ol</subfield>
    <subfield code="f">Espa&#xF1;ol</subfield>
  </datafield>
  <datafield tag="082" ind1=" " ind2=" ">
    <subfield code="a">636.2142</subfield>
    <subfield code="b">M36 2005</subfield>
    <subfield code="2">20</subfield>
  </datafield>
  <datafield tag="245" ind1="1" ind2="0">
    <subfield code="a">Manual del ganado bovino para leche : </subfield>
    <subfield code="b">una gu&#xED;a paso a paso /</subfield>
    <subfield code="c">coordinador Luis Lesur; dise&#xF1;o gr&#xE1;fico y fotograf&#xED;a Olivia Ortega; colaboradores Guillermo Fitz [y cinco m&#xE1;s]</subfield>
  </datafield>
  <datafield tag="250" ind1=" " ind2=" ">
    <subfield code="a">Primera edici&#xF3;n</subfield>
  </datafield>
  <datafield tag="264" ind1=" " ind2="1">
    <subfield code="a">M&#xE9;xico, D. F. :</subfield>
    <subfield code="b">Trillas,</subfield>
    <subfield code="c">&#xA9;2005</subfield>
  </datafield>
  <datafield tag="300" ind1=" " ind2=" ">
    <subfield code="a">80 p&#xE1;ginas :</subfield>
    <subfield code="b">ilustraciones</subfield>
  </datafield>
  <datafield tag="336" ind1=" " ind2=" ">
    <subfield code="2">rdacontent</subfield>
    <subfield code="a">texto</subfield>
    <subfield code="b">txt</subfield>
  </datafield>
  <datafield tag="337" ind1=" " ind2=" ">
    <subfield code="2">rdamedia</subfield>
    <subfield code="a">sin medio</subfield>
    <subfield code="b">n</subfield>
  </datafield>
  <datafield tag="338" ind1=" " ind2=" ">
    <subfield code="2">rdacarrier</subfield>
    <subfield code="a">volumen</subfield>
    <subfield code="b">nc</subfield>
  </datafield>
  <datafield tag="490" ind1="1" ind2=" ">
    <subfield code="a">C&#xF3;mo hacer bien y f&#xE1;cilmente (Trillas)</subfield>
  </datafield>
  <datafield tag="500" ind1=" " ind2=" ">
    <subfield code="a">ej.1: C/E \ ej.2: Reposici&#xF3;n (del t&#xED;tulo: Buxade Carbo, Carlos. Vacuno de leche de alta producci&#xF3;n: sus alojamientos e instalaciones. 2007, ISBN 978-84-611-7630-4, 254 p. ej. 1 Clas. 636.2 B89 </subfield>
  </datafield>
  <datafield tag="505" ind1="0" ind2=" ">
    <subfield code="a">Introducci&#xF3;n -- Razas de ganado lechero -- Elecci&#xF3;n y mejoramiento del hato -- Reproducci&#xF3;n -- Alimentaci&#xF3;n -- Producci&#xF3;n de leche -- Manejo -- Salud -- Instalaciones.</subfield>
  </datafield>
  <datafield tag="520" ind1=" " ind2=" ">
    <subfield code="a">Una granja lechera es un negocio que consiste en tener ganado de alta producci&#xF3;n con el fin de obtener leche en cantidad y con calidad, para fines comerciales. En general, los ingresos que produce un a granja lechera son  estables,  comparados con otros negocios agropecuarios. En la actualidad, una vaca lechera de lata producci&#xF3;n puede aportar entre 5 y 10 litros de leche al a&#xF1;o, dependiendo de su raza y de su calidad productiva. Sin embargo una granja moderna requiere de conocimientos especializados y mano de obra bien capacitada. El presente manual le indica paso a paso, las t&#xE9;cnicas y procedimientos que le permitir&#xE1;n iniciarse en el manejo moderno del hato lechero con ganado bovino o vacuno, como tambi&#xE9;n se le llama.</subfield>
  </datafield>
  <datafield tag="650" ind1="1" ind2="3">
    <subfield code="a">Ganado de leche</subfield>
    <subfield code="9">140524</subfield>
  </datafield>
  <datafield tag="650" ind1="1" ind2="3">
    <subfield code="a">Ganado bovino</subfield>
    <subfield code="9">138033</subfield>
  </datafield>
  <datafield tag="650" ind1="1" ind2="3">
    <subfield code="a">Cr&#xED;a de ganado</subfield>
    <subfield code="9">137235</subfield>
  </datafield>
  <datafield tag="650" ind1="1" ind2="3">
    <subfield code="a">Manejo de granjas lecheras</subfield>
    <subfield code="9">190687</subfield>
  </datafield>
  <datafield tag="700" ind1="1" ind2=" ">
    <subfield code="a">Lesur, Luis</subfield>
    <subfield code="9">66363</subfield>
    <subfield code="e">coordinador</subfield>
  </datafield>
  <datafield tag="700" ind1="1" ind2=" ">
    <subfield code="a">Ortega, Olivia</subfield>
    <subfield code="e">dise&#xF1;o y fotograf&#xED;a</subfield>
    <subfield code="9">142654</subfield>
  </datafield>
  <datafield tag="700" ind1="1" ind2=" ">
    <subfield code="a">Fitz, Guillermo</subfield>
    <subfield code="e">colaborador</subfield>
    <subfield code="9">190688</subfield>
  </datafield>
  <datafield tag="830" ind1=" " ind2="0">
    <subfield code="a">C&#xF3;mo hacer bien y f&#xE1;cilmente (Trillas)</subfield>
    <subfield code="9">188883</subfield>
  </datafield>
  <datafield tag="901" ind1=" " ind2=" ">
    <subfield code="a">636.2142 M36</subfield>
  </datafield>
  <datafield tag="902" ind1=" " ind2=" ">
    <subfield code="a">A</subfield>
  </datafield>
  <datafield tag="910" ind1=" " ind2=" ">
    <subfield code="a">2005</subfield>
  </datafield>
  <datafield tag="942" ind1=" " ind2=" ">
    <subfield code="c">LIBRO</subfield>
    <subfield code="2">ddc</subfield>
  </datafield>
  <datafield tag="999" ind1=" " ind2=" ">
    <subfield code="c">168389</subfield>
    <subfield code="d">168389</subfield>
  </datafield>
  <datafield tag="952" ind1=" " ind2=" ">
    <subfield code="0">0</subfield>
    <subfield code="1">0</subfield>
    <subfield code="2">ddc</subfield>
    <subfield code="4">0</subfield>
    <subfield code="5">1</subfield>
    <subfield code="7">0</subfield>
    <subfield code="8">GRAL</subfield>
    <subfield code="a">Z</subfield>
    <subfield code="b">Z</subfield>
    <subfield code="d">2006-06-20</subfield>
    <subfield code="e">Compra</subfield>
    <subfield code="i">C/E</subfield>
    <subfield code="o">636.2142  M36 2005</subfield>
    <subfield code="p">5102005101</subfield>
    <subfield code="r">2022-01-18 00:00:00</subfield>
    <subfield code="t">Ej.1</subfield>
    <subfield code="w">2022-01-18</subfield>
    <subfield code="y">LIBRO</subfield>
  </datafield>
  <datafield tag="952" ind1=" " ind2=" ">
    <subfield code="0">0</subfield>
    <subfield code="1">0</subfield>
    <subfield code="2">ddc</subfield>
    <subfield code="4">0</subfield>
    <subfield code="5">1</subfield>
    <subfield code="7">0</subfield>
    <subfield code="8">GRAL</subfield>
    <subfield code="a">Z</subfield>
    <subfield code="b">Z</subfield>
    <subfield code="d">2025-06-19</subfield>
    <subfield code="e">Reposici&#xF3;n</subfield>
    <subfield code="i">S/N</subfield>
    <subfield code="l">0</subfield>
    <subfield code="o">636.2142  M36 2005</subfield>
    <subfield code="p">5102005819</subfield>
    <subfield code="r">2025-06-19 13:14:12</subfield>
    <subfield code="t">Ej.2</subfield>
    <subfield code="w">2025-06-19</subfield>
    <subfield code="y">LIBRO</subfield>
  </datafield>
</record>
